000 00204nam a2200097 4500
999 _c530810
_d530810
040 _cDLC
082 _a891.4393
_bUME
100 _aUmera Ahmed
_920888
245 _aSehar aik istiara hai
942 _2ddc
_cBK